[Event "World Blitz 2015"]
[Site "Berlin GER"]
[Date "2015.10.13"]
[Round "8.51"]
[White "Bachmann, Axel"]
[Black "Abel, Dennes"]
[Result "0-1"]
[WhiteTitle "GM"]
[BlackTitle "IM"]
[WhiteElo "2593"]
[BlackElo "2441"]
[WhiteFideId "3700488"]
[BlackFideId "24605417"]
[EventDate "2015.10.13"]

1. e4 c6 2. d4 d5 3. e5 Bf5 4. Nf3 e6 5. Be2 Be7 6. O-O Nh6 7. b3 c5 8. c4 dxc4
9. bxc4 cxd4 10. Nxd4 Bg6 11. Nc3 O-O 12. Bf4 Nf5 13. Ndb5 Nc6 14. Ne4 Nfd4 15.
Nbd6 Nxe2+ 16. Qxe2 Qc7 17. Rfd1 b6 18. g3 h6 19. h4 Rad8 20. h5 Bxe4 21. Qxe4
a6 22. Rac1 Na5 23. c5 bxc5 24. Rd3 Rd7 25. Rdc3 c4 26. Nxc4 Nxc4 27. Rxc4 Qa5
28. Ra4 Qb5 29. Qc6 Rfd8 30. Rac4 Qb2 31. Qxa6 Qe2 32. Kg2 Qxh5 33. Rc8 Qf5 34.
Qc6 Rxc8 35. Qxc8+ Rd8 36. Qb7 Bg5 37. Rc8 Rxc8 38. Qxc8+ Kh7 39. Qc4 Bxf4 40.
Qxf4 Qc2 41. a4 Kg8 42. Qd4 Qc6+ 43. Kh2 Qa6 44. Kg2 g5 45. Qe4 Kg7 46. Kh2 Qa7
47. Kg2 Qa6 48. Kg1 Qa5 49. Qd4 Qe1+ 50. Kg2 Qa5 51. Qe4 Qa7 52. Kf3 Qa5 53. Qd4
Qa8+ 54. Ke3 Qa5 55. Kd3 h5 56. Ke2 Qa6+ 57. Ke3 Qa5 58. Kf3 Qa8+ 59. Qe4 Qa5
60. Kg2 Qa7 61. Qf3 Qxa4 62. Qf6+ Kf8 63. Qd8+ Qe8 64. Qxg5 Qa8+ 65. Kh2 Qf3 66.
Qf6 Qxf6 67. exf6 Kg8 68. Kh3 Kh7 69. Kh4 Kh6 70. f3 Kg6 71. f4 Kh6 72. Kh3 Kg6
73. Kh4 Kh6 74. Kh3 Kh7 75. Kh4 Kg6 76. g4 hxg4 77. Kxg4 Kxf6 78. Kf3 Kf5 79.
Ke3 Kg4 80. Ke4 f6 81. Ke3 f5 0-1

[Event "World Blitz 2015"]
[Site "Berlin GER"]
[Date "2015.10.13"]
[Round "8.52"]
[White "Belov, Vladimir"]
[Black "Ernst, Sipke"]
[Result "1-0"]
[WhiteTitle "GM"]
[BlackTitle "GM"]
[WhiteElo "2614"]
[BlackElo "2527"]
[WhiteFideId "4132394"]
[BlackFideId "1004689"]
[EventDate "2015.10.13"]

1. e4 e5 2. Nf3 Nc6 3. Bb5 a6 4. Ba4 Nf6 5. d3 d6 6. c3 g6 7. d4 Bd7 8. d5 Na5
9. Bxd7+ Nxd7 10. Qe2 b5 11. O-O Bg7 12. b3 Qc8 13. Be3 c5 14. Nbd2 O-O 15. b4
Nb7 16. a4 f5 17. Nb3 c4 18. Nc1 fxe4 19. Ng5 Nf6 20. Rd1 h6 21. Ne6 Nxd5 22.
Rxd5 Qxe6 23. Qd2 Kh7 24. Ne2 Rfd8 25. Ng3 Qg4 26. h3 Qh4 27. axb5 a5 28. Bb6
axb4 29. Ra6 Rf8 30. cxb4 Qe7 31. Nxe4 Qd7 32. Be3 Qf5 33. Nc3 Rac8 34. Ra7 Nd8
35. Rxd6 Ne6 36. Rdd7 Rg8 37. b6 Nd4 38. Bxd4 exd4 39. Qxd4 Qf8 40. Rac7 Re8 41.
b7 Kh8 42. b5 1-0

[Event "World Blitz 2015"]
[Site "Berlin GER"]
[Date "2015.10.13"]
[Round "8.53"]
[White "Riff, Jean-Noel"]
[Black "Roiz, Michael"]
[Result "1-0"]
[WhiteTitle "GM"]
[BlackTitle "GM"]
[WhiteElo "2499"]
[BlackElo "2600"]
[WhiteFideId "611190"]
[BlackFideId "2804158"]
[EventDate "2015.10.13"]

1. e4 c6 2. d4 d5 3. e5 Bf5 4. h4 h5 5. Bd3 Bxd3 6. Qxd3 Qa5+ 7. Nd2 e6 8. Nf3
Ne7 9. O-O Nf5 10. c4 Be7 11. cxd5 cxd5 12. Nb3 Qa6 13. Qc3 Nc6 14. Bg5 Rc8 15.
Qd2 Qb6 16. Rac1 Qb4 17. Qf4 O-O 18. Bxe7 Qxe7 19. Nc5 b6 20. Nd3 Nb4 21. Nxb4
Qxb4 22. b3 Qe7 23. Ng5 Qb4 24. Nf3 Qa3 25. Qd2 Qe7 26. g3 a5 27. Rfd1 g6 28.
Rc3 Rxc3 29. Qxc3 Qa3 30. Rd2 Kg7 31. Ng5 Qe7 32. Rc2 Rd8 33. Qd3 Rd7 34. Rc8
Rc7 35. Rb8 Qb4 36. Qa6 Rc1+ 37. Kg2 Ne3+ 38. Kf3 Qxd4 39. Nxe6+ fxe6 40. Qa7+ 1-0

[Event "World Blitz 2015"]
[Site "Berlin GER"]
[Date "2015.10.13"]
[Round "8.54"]
[White "Demuth, Adrien"]
[Black "Kryvoruchko, Yuriy"]
[Result "1-0"]
[WhiteTitle "GM"]
[BlackTitle "GM"]
[WhiteElo "2545"]
[BlackElo "2710"]
[WhiteFideId "642274"]
[BlackFideId "14109182"]
[EventDate "2015.10.13"]

1. Nf3 Nf6 2. c4 b6 3. g3 Bb7 4. Bg2 e6 5. O-O Be7 6. Nc3 O-O 7. b3 c5 8. Bb2 d5
9. e3 dxc4 10. bxc4 Nc6 11. Qe2 Qc7 12. Rac1 Rfd8 13. Rfd1 Na5 14. Nb5 Qc8 15.
d4 a6 16. Na3 Qc7 17. Ne5 Bxg2 18. Kxg2 Rac8 19. Qf3 Nc6 20. Nxc6 Qxc6 21. Qxc6
Rxc6 22. d5 exd5 23. Bxf6 Rxf6 24. Rxd5 Rfd6 25. e4 Bf6 26. Nc2 b5 27. Rxc5 Rd2
28. cxb5 axb5 29. Rxb5 g6 30. Rd5 R2xd5 31. exd5 Rc8 32. d6 Kf8 33. d7 Rc7 34.
Rd1 Rxc2 35. d8=Q+ Bxd8 36. Rxd8+ Ke7 37. Ra8 h5 38. a4 Ra2 39. a5 g5 40. Rh8
Rxa5 41. Rxh5 f6 42. f4 Ra2+ 43. Kf3 gxf4 44. Kxf4 Kf7 45. h4 Kg6 46. Rb5 Ra4+
47. Kf3 Ra3+ 48. Kg4 Ra4+ 49. Kh3 Rc4 50. Ra5 Rb4 51. h5+ Kh6 52. g4 Rb6 53. Kh4
Rc6 54. Ra8 Kh7 55. Ra7+ Kh6 56. Rb7 Ra6 57. Rb5 Rc6 58. Kg3 Rc4 59. Rb6 Kg5 60.
Rb5+ Kh6 61. Rb8 Kg7 62. Kf3 Ra4 63. Re8 Rb4 64. Re4 Rb5 65. Kf4 Kf7 66. Ra4 Kg7
67. Ra7+ Kg8 68. h6 Rc5 69. Rg7+ Kh8 70. Rf7 Rc6 71. Kf5 Kg8 72. Rxf6 Rc7 73.
Kg6 Rg7+ 74. Kh5 Rc7 75. Ra6 Kh7 76. g5 Rc8 77. Ra7+ Kh8 78. g6 1-0

[Event "World Blitz 2015"]
[Site "Berlin GER"]
[Date "2015.10.13"]
[Round "8.55"]
[White "Inarkiev, Ernesto"]
[Black "Wagner, Dennis"]
[Result "0-1"]
[WhiteTitle "GM"]
[BlackTitle "GM"]
[WhiteElo "2660"]
[BlackElo "2575"]
[WhiteFideId "4162722"]
[BlackFideId "24650684"]
[EventDate "2015.10.13"]

1. d4 Nf6 2. c4 g6 3. Nf3 Bg7 4. g3 O-O 5. Bg2 c6 6. Nc3 d5 7. Ne5 Bf5 8. O-O
Ne4 9. Qb3 Nd7 10. cxd5 Nxc3 11. bxc3 Nxe5 12. dxe5 cxd5 13. f4 e6 14. Ba3 Re8
15. Qxb7 Qa5 16. Qb2 Rab8 17. Bb4 Qb6+ 18. Kh1 a5 19. a3 axb4 20. cxb4 Rec8 21.
Rac1 Bf8 22. Bf3 Bh3 23. Rfd1 h5 24. Qd2 Qa7 25. Rc3 Rxc3 26. Qxc3 Qa6 27. Rc1
Ra8 28. Ra1 Rc8 29. Qd2 Qb6 30. e3 Qc7 31. Kg1 Qa7 32. Kf2 Qa4 33. Ra2 Qb5 34.
Be2 Qb7 35. b5 d4 36. exd4 Qg2+ 37. Ke3 Qg1+ 38. Kd3 Bf5# 0-1

[Event "World Blitz 2015"]
[Site "Berlin GER"]
[Date "2015.10.13"]
[Round "8.56"]
[White "Savchenko, Boris"]
[Black "Bindrich, Falko"]
[Result "0-1"]
[WhiteTitle "GM"]
[BlackTitle "GM"]
[WhiteElo "2567"]
[BlackElo "2594"]
[WhiteFideId "4147332"]
[BlackFideId "4676670"]
[EventDate "2015.10.13"]

1. e4 e5 2. Nf3 Nc6 3. Bb5 Nf6 4. d3 Bc5 5. c3 O-O 6. Bxc6 dxc6 7. Nxe5 Re8 8.
Nf3 Bg4 9. h3 Bh5 10. O-O Bb6 11. Na3 Qd7 12. Nc4 Rad8 13. e5 Ne4 14. d4 f6 15.
exf6 gxf6 16. Qd3 Kh8 17. Nxb6 axb6 18. Bf4 Nc5 19. Qd2 Bxf3 20. gxf3 Qxh3 21.
Bg3 Ne6 22. Rfe1 Rd5 23. Qf4 Nxf4 24. Rxe8+ Kg7 25. Bxf4 Rh5 0-1

[Event "World Blitz 2015"]
[Site "Berlin GER"]
[Date "2015.10.13"]
[Round "8.58"]
[White "Van Wely, Loek"]
[Black "Ehlvest, Jaan"]
[Result "1-0"]
[WhiteTitle "GM"]
[BlackTitle "GM"]
[WhiteElo "2632"]
[BlackElo "2535"]
[WhiteFideId "1000268"]
[BlackFideId "4500016"]
[EventDate "2015.10.13"]

1. d4 Nf6 2. c4 b6 3. Nc3 Bb7 4. a3 e6 5. Nf3 d5 6. Bg5 Be7 7. Qa4+ c6 8. Bxf6
Bxf6 9. cxd5 exd5 10. g3 O-O 11. Rd1 Re8 12. Bg2 Nd7 13. O-O Nf8 14. e3 Ne6 15.
Rd2 g6 16. Rc1 Bg7 17. Ne2 Qd6 18. Nf4 Nxf4 19. gxf4 f6 20. b4 a6 21. Rdc2 Rac8
22. Qb3 Kh8 23. a4 Rc7 24. Ne1 Bf8 25. Bxd5 g5 26. fxg5 Rg7 27. Bxc6 Rxg5+ 28.
Kf1 Bxc6 29. Rxc6 Qd7 30. Rc7 Qh3+ 31. Ke2 Qh5+ 32. Kd2 Qxh2 33. Nd3 Bd6 34. Rc8 1-0

[Event "World Blitz 2015"]
[Site "Berlin GER"]
[Date "2015.10.13"]
[Round "8.59"]
[White "Milanovic, Danilo"]
[Black "Jumabayev, Rinat"]
[Result "1-0"]
[WhiteTitle "GM"]
[BlackTitle "GM"]
[WhiteElo "2469"]
[BlackElo "2606"]
[WhiteFideId "915483"]
[BlackFideId "13702661"]
[EventDate "2015.10.13"]

1. d4 Nf6 2. c4 e6 3. Nc3 Bb4 4. e3 b6 5. Bd3 Bb7 6. Ne2 c5 7. O-O O-O 8. d5
Bxc3 9. Nxc3 d6 10. e4 Nbd7 11. f4 Re8 12. Bd2 exd5 13. exd5 a6 14. a4 Nf8 15.
h3 Ng6 16. g4 Bc8 17. Qf3 Ra7 18. g5 Nd7 19. Qg3 Ndf8 20. h4 f5 21. h5 Nh8 22.
Nd1 Rae7 23. Ne3 g6 24. h6 Nf7 25. Ng2 Nd7 26. b3 b5 27. axb5 axb5 28. Bc3 b4
29. Bd2 Qc7 30. Nh4 Nb6 31. Qf2 Nd8 32. Bc1 Kf8 33. Qb2 Rf7 34. Qh8+ Ke7 35.
Re1+ Ne6 36. Qb2 Kd8 37. dxe6 Bxe6 38. Be3 Bd7 39. Bf1 Bc6 40. Bg2 Bxg2 41. Qxg2
Re4 42. Bd2 Rfe7 43. Rxe4 Rxe4 44. Re1 Rxe1+ 45. Bxe1 Qe7 46. Bd2 d5 47. cxd5 c4
48. bxc4 Nxc4 49. Nf3 Qc5+ 50. Kh2 b3 51. Bc3 Ne3 52. Bf6+ Kc8 53. Qb2 Ng4+ 54.
Kg3 Qxd5 55. Qc3+ Kb7 56. Qb4+ Ka6 57. Bd4 Qb5 58. Qd6+ Kb7 59. Qe7+ Kc6 60.
Qe8+ 1-0

[Event "World Blitz 2015"]
[Site "Berlin GER"]
[Date "2015.10.13"]
[Round "8.60"]
[White "Godena, Michele"]
[Black "Romanov, Evgeny"]
[Result "1-0"]
[WhiteTitle "GM"]
[BlackTitle "GM"]
[WhiteElo "2513"]
[BlackElo "2573"]
[WhiteFideId "800090"]
[BlackFideId "4148843"]
[EventDate "2015.10.13"]

1. e4 e5 2. Nf3 Nc6 3. Nc3 Nf6 4. d4 exd4 5. Nxd4 Bb4 6. Nxc6 bxc6 7. Bd3 O-O 8.
O-O d5 9. exd5 cxd5 10. h3 c6 11. Qf3 Bd6 12. Re1 Rb8 13. Ne2 c5 14. c3 Bb7 15.
Bg5 h6 16. Bxf6 Qxf6 17. Qxf6 gxf6 18. Ng3 Rfe8 19. Nh5 Be7 20. Bb5 Kf8 21. Bxe8
Rxe8 22. Rad1 Rd8 23. Re2 d4 24. Red2 Rd5 25. Nf4 Rf5 26. g3 dxc3 27. bxc3 Re5
28. Re2 Ba6 29. Rxe5 fxe5 30. Nd5 Bc4 31. Nxe7 Kxe7 32. a3 f5 33. Rb1 Kd6 34.
Rb7 a6 35. Rb6+ Kd5 36. Rxh6 Ke4 37. Rd6 f4 38. h4 fxg3 39. fxg3 Kf3 40. h5 e4
41. h6 e3 42. Rf6+ Kxg3 43. Rg6+ Kf3 44. Rg7 e2 45. Re7 Bd3 46. Rf7+ Ke3 47.
Re7+ Kf3 48. a4 a5 49. c4 Kg3 50. Re3+ Kf4 51. Kf2 Bxc4 52. h7 1-0

[Event "World Blitz 2015"]
[Site "Berlin GER"]
[Date "2015.10.13"]
[Round "8.61"]
[White "Shabalov, Alexander"]
[Black "Bok, Benjamin"]
[Result "1-0"]
[WhiteTitle "GM"]
[BlackTitle "GM"]
[WhiteElo "2522"]
[BlackElo "2591"]
[WhiteFideId "2008572"]
[BlackFideId "1017063"]
[EventDate "2015.10.13"]

1. Nf3 Nf6 2. d4 g6 3. c4 Bg7 4. Nc3 d5 5. Qb3 dxc4 6. Qxc4 O-O 7. e4 a6 8. e5
b5 9. Qb3 Nfd7 10. e6 fxe6 11. Be3 Nf6 12. a4 b4 13. Qxb4 Nc6 14. Qa3 Rb8 15.
Bc4 Nb4 16. Rc1 Ng4 17. O-O Kh8 18. Ne4 Bb7 19. Neg5 Bxf3 20. gxf3 Nxe3 21. fxe3
Qd6 22. Nxe6 Rf6 23. Nc5 Rf5 24. Ne4 Qd7 25. Qb3 a5 26. Be6 Qe8 27. Bxf5 gxf5
28. Ng3 f4 29. exf4 Bxd4+ 30. Kh1 Qg6 31. Rxc7 Rg8 32. Rxe7 Nd3 33. Qf7 Qh6 34.
Re8 Qg7 35. Rxg8+ 1-0

[Event "World Blitz 2015"]
[Site "Berlin GER"]
[Date "2015.10.13"]
[Round "8.62"]
[White "Handke, Florian"]
[Black "Postny, Evgeny"]
[Result "0-1"]
[WhiteTitle "GM"]
[BlackTitle "GM"]
[WhiteElo "2531"]
[BlackElo "2658"]
[WhiteFideId "4634527"]
[BlackFideId "2804344"]
[EventDate "2015.10.13"]

1. d4 d5 2. Nf3 c6 3. c4 Nf6 4. Qc2 dxc4 5. Qxc4 Bg4 6. Nc3 Nbd7 7. e4 Bxf3 8.
gxf3 e5 9. Be3 exd4 10. Bxd4 Bd6 11. O-O-O Qe7 12. Kb1 O-O 13. Be3 Ne5 14. Qe2
Ng6 15. Qc2 Rad8 16. Qc1 Nh5 17. Bc4 b5 18. Bb3 a5 19. Ne2 a4 20. Bc2 a3 21. b3
Qc7 22. Rhg1 Nhf4 23. Nd4 b4 24. Nf5 Ne2 25. Qd2 Nc3+ 26. Qxc3 bxc3 27. Bd4 Bxh2
28. Bxg7 Rxd1+ 29. Rxd1 Be5 30. Bxf8 Kxf8 31. Rh1 Qd8 32. Rd1 Qg5 33. b4 Nf4 34.
Bb3 Ne6 35. Kc2 Qg2 36. Bc4 Qxf2+ 37. Kb3 c2 0-1

[Event "World Blitz 2015"]
[Site "Berlin GER"]
[Date "2015.10.13"]
[Round "8.63"]
[White "Khairullin, Ildar"]
[Black "Al-Sayed, Mohammed"]
[Result "1-0"]
[WhiteTitle "GM"]
[BlackTitle "GM"]
[WhiteElo "2652"]
[BlackElo "2520"]
[WhiteFideId "4151348"]
[BlackFideId "12100196"]
[EventDate "2015.10.13"]

1. d4 Nf6 2. c4 g6 3. Nc3 Bg7 4. e4 d6 5. Nf3 O-O 6. h3 e5 7. d5 a5 8. g4 Na6 9.
Be3 Nc5 10. Nd2 Nfd7 11. h4 Nb6 12. g5 c6 13. h5 Bd7 14. Be2 cxd5 15. cxd5 Nba4
16. Nxa4 Nxa4 17. Rb1 Rc8 18. f3 b5 19. Kf2 f5 20. gxf6 Qxf6 21. hxg6 hxg6 22.
Kg2 g5 23. Rh5 g4 24. fxg4 Rf7 25. Nf1 Qg6 26. Ng3 Nc5 27. Rg5 Qh7 28. Bf3 Kf8
29. Qe2 Rf6 30. Rh1 Qg8 31. Nh5 Rf7 32. Rxg7 Rxg7 33. Bh6 Kf7 34. Bxg7 Qh7 35.
Qe3 Na4 36. Qg5 Rc2+ 37. Kg3 Qg6 38. Qd8 Be8 39. Rf1 Kg8 40. Qe7 Nxb2 41. Qf8+ 1-0

[Event "World Blitz 2015"]
[Site "Berlin GER"]
[Date "2015.10.13"]
[Round "8.64"]
[White "Motylev, Alexander"]
[Black "Donchenko, Alexander"]
[Result "0-1"]
[WhiteTitle "GM"]
[BlackTitle "GM"]
[WhiteElo "2649"]
[BlackElo "2577"]
[WhiteFideId "4121830"]
[BlackFideId "24603295"]
[EventDate "2015.10.13"]

1. e4 c5 2. Nf3 d6 3. d4 cxd4 4. Nxd4 Nf6 5. Nc3 a6 6. h3 e6 7. g4 Be7 8. Be3
Nfd7 9. g5 Nc6 10. h4 Nde5 11. f4 Nd7 12. Qf3 Nxd4 13. Bxd4 e5 14. Be3 exf4 15.
Bxf4 Ne5 16. Qg3 Be6 17. O-O-O Qa5 18. Kb1 Rc8 19. Nd5 Qa4 20. Rh2 Qxe4 21. Nxe7
Kxe7 22. Re2 Qf5 23. Rxd6 Kxd6 24. Bxe5+ Ke7 25. Qa3+ Ke8 26. Bg2 Qg4 27. Rd2
Qxh4 28. Rd1 Qg4 29. Bf3 Qf5 30. Qa4+ b5 0-1

[Event "World Blitz 2015"]
[Site "Berlin GER"]
[Date "2015.10.13"]
[Round "8.65"]
[White "Halkias, Stelios"]
[Black "Hirneise, Tobias"]
[Result "0-1"]
[WhiteTitle "GM"]
[BlackTitle "IM"]
[WhiteElo "2534"]
[BlackElo "2457"]
[WhiteFideId "4201809"]
[BlackFideId "24600881"]
[EventDate "2015.10.13"]

1. Nf3 c5 2. c4 Nc6 3. Nc3 Nf6 4. g3 d5 5. cxd5 Nxd5 6. Nxd5 Qxd5 7. Bg2 g6 8.
O-O Bg7 9. d3 O-O 10. Be3 Bd7 11. Nd2 Qh5 12. Bf3 Qf5 13. Rb1 b6 14. a3 Rac8 15.
b4 Nd4 16. Bg2 Nb5 17. Rc1 Bb2 18. bxc5 Bxc1 19. Qxc1 bxc5 20. Nc4 Nd4 21. Qb2
Qf6 22. Qd2 Qa6 23. Kh1 Be6 24. Bh6 Rfd8 25. Qe3 Nf5 26. Qf4 Nxh6 27. Qxh6 Bxc4
28. dxc4 Qxc4 29. Bf3 Qb3 30. Qg5 Rd1 31. Rxd1 Qxd1+ 32. Kg2 Qd6 33. Qe3 Rc7 34.
Qc3 Qf6 35. Qa5 Qb6 36. Qc3 c4 37. Bd5 e6 38. Bf3 Qc5 39. h4 h5 40. e3 e5 41.
Be4 a5 42. Bf3 Rd7 43. Be2 Rc7 44. Bf3 Kg7 45. Be4 Kg8 46. Bf3 Qb5 47. Be4 Rc5
48. Bc2 Qc6+ 49. Kh2 Qf3 50. Kg1 Rd5 51. Qxc4 Rd2 0-1

[Event "World Blitz 2015"]
[Site "Berlin GER"]
[Date "2015.10.13"]
[Round "8.66"]
[White "Teske, Henrik"]
[Black "Huzman, Alexander"]
[Result "0-1"]
[WhiteTitle "GM"]
[BlackTitle "GM"]
[WhiteElo "2475"]
[BlackElo "2580"]
[WhiteFideId "4611500"]
[BlackFideId "2803828"]
[EventDate "2015.10.13"]

1. c4 g6 2. Nc3 c5 3. Nf3 Bg7 4. g3 Nc6 5. Bg2 e6 6. O-O Nge7 7. e3 O-O 8. d4 d6
9. Re1 b6 10. b3 Bb7 11. Bb2 Rc8 12. Qd2 Ba8 13. Rad1 cxd4 14. exd4 d5 15. cxd5
Nxd5 16. Nxd5 Qxd5 17. Ne5 Qxg2+ 18. Kxg2 Nxe5+ 19. Kh3 Nf3 20. Qe3 h5 21. d5
Nxe1 22. Bxg7 Kxg7 23. Rxe1 Bxd5 24. Rc1 Rfd8 25. Qe5+ Kg8 26. Rc7 a5 27. Kh4 a4
28. Kg5 Rxc7 29. Qxc7 Rf8 30. Qxb6 axb3 31. axb3 Kg7 32. Qc7 Bxb3 33. Qc3+ f6+
34. Kf4 Bd5 35. Qc7+ Rf7 36. Qd6 Rb7 37. h4 Kf7 38. Ke3 Rb3+ 39. Ke2 Rb7 40. Qd8
Kg7 41. Qe8 Ra7 42. Ke3 Ra3+ 43. Kd4 Ra7 44. Kc5 Rf7 45. Kd6 Rf8 46. Qe7+ Rf7
47. Qd8 Bb3 48. f3 Bd5 49. g4 Bxf3 50. gxh5 Bxh5 51. Kxe6 Bg4+ 0-1

[Event "World Blitz 2015"]
[Site "Berlin GER"]
[Date "2015.10.13"]
[Round "8.67"]
[White "Carow, Johannes"]
[Black "Agdestein, Simen"]
[Result "1/2-1/2"]
[WhiteTitle "FM"]
[BlackTitle "GM"]
[WhiteElo "2431"]
[BlackElo "2606"]
[WhiteFideId "24692050"]
[BlackFideId "1500015"]
[EventDate "2015.10.13"]

1. d4 f5 2. c4 e6 3. Nf3 Nf6 4. g3 d5 5. Bg2 Bd6 6. O-O c6 7. b3 Qe7 8. Bb2 b6
9. Qc1 Bb7 10. Ba3 Nbd7 11. Bxd6 Qxd6 12. Qa3 c5 13. cxd5 exd5 14. Rd1 f4 15.
Nbd2 O-O 16. dxc5 bxc5 17. Nc4 Qa6 18. Qxa6 Bxa6 19. Nce5 fxg3 20. hxg3 Bxe2 21.
Nxd7 Nxd7 22. Rxd5 Nb6 23. Ne5 Nxd5 24. Bxd5+ Kh8 25. Bxa8 Rxa8 26. Rc1 Rc8 27.
f4 Ba6 28. Kf2 Kg8 29. Rd1 Bb5 30. a4 Be8 31. Rc1 Kf8 32. Rc3 Ke7 33. Ke3 Kd6
34. Nc4+ Kd5 35. Rd3+ Ke6 36. Rd6+ Ke7 37. Ra6 Rc7 38. Ne5 Rb7 39. Nd3 Rxb3 40.
Rxa7+ Kd6 41. Kd2 c4 42. Ne5 Kd5 43. Rxg7 Bxa4 44. Rxh7 Rxg3 45. Rc7 Bb3 46.
Rd7+ Ke4 47. Rc7 Kd4 48. Nc6+ Kd5 49. Na5 Ba2 50. Kc2 Rg2+ 51. Kc3 Rg3+ 52. Kb4
Rf3 53. Rc5+ Kd4 54. Nc6+ Ke4 55. Na5 Rxf4 56. Kc3 Rf3+ 57. Kb4 Kd3 58. Rd5+ Kc2
59. Nxc4 Rf4 60. Rd2+ Kb1 61. Rb2+ Ka1 62. Rc2 Rxc4+ 63. Rxc4 Bxc4 64. Kxc4 1/2-1/2

[Event "World Blitz 2015"]
[Site "Berlin GER"]
[Date "2015.10.13"]
[Round "8.68"]
[White "Vogel, Roven"]
[Black "Lagno, Kateryna"]
[Result "0-1"]
[BlackTitle "GM"]
[WhiteElo "2417"]
[BlackElo "2523"]
[WhiteFideId "12908088"]
[BlackFideId "14109336"]
[EventDate "2015.10.13"]

1. Nf3 g6 2. g3 Bg7 3. Bg2 e5 4. O-O d5 5. d3 Nc6 6. Nbd2 Nf6 7. e4 O-O 8. exd5
Nxd5 9. Re1 Re8 10. Nc4 h6 11. a4 a5 12. c3 Bf5 13. Nh4 Be6 14. Nf3 f6 15. Qe2
Bf7 16. h4 Qd7 17. Kh2 Rad8 18. Bh3 Qe7 19. Bd2 Qc5 20. Rad1 f5 21. b3 e4 22.
dxe4 fxe4 23. Nd4 Nxd4 24. cxd4 Bxd4 25. Rf1 Bg7 26. Bxa5 b5 27. axb5 Qxb5 28.
Rb1 Bc3 29. Bxc3 Nxc3 30. Qe3 Nxb1 31. Rxb1 Bxc4 32. Qxh6 Bf7 33. Rc1 Qb6 34.
Kg2 e3 35. h5 exf2 36. hxg6 Qxg6 37. Qf4 Re1 0-1

[Event "World Blitz 2015"]
[Site "Berlin GER"]
[Date "2015.10.13"]
[Round "8.70"]
[White "Grandelius, Nils"]
[Black "Ladva, Ottomar"]
[Result "1/2-1/2"]
[WhiteTitle "GM"]
[BlackTitle "IM"]
[WhiteElo "2647"]
[BlackElo "2423"]
[WhiteFideId "1710400"]
[BlackFideId "4500024"]
[EventDate "2015.10.13"]

1. Nf3 d5 2. e3 Nf6 3. c4 e6 4. b3 Be7 5. Bb2 O-O 6. g3 c5 7. Bg2 Nc6 8. O-O b6
9. Nc3 Ba6 10. Qe2 Rc8 11. Rfd1 Qd7 12. Nb5 Rfd8 13. Rac1 Qb7 14. d4 cxd4 15.
exd4 Qb8 16. Ne5 Bxb5 17. cxb5 Nxe5 18. dxe5 Nd7 19. a3 Qb7 20. b4 Nb8 21. Qg4
Rxc1 22. Rxc1 Rc8 23. Qd1 Rc7 24. Bf1 Qc8 25. Rxc7 Qxc7 26. Bd3 Nd7 27. Qe2 Bf8
28. f4 g6 29. Kf2 Bg7 30. h4 h5 31. g4 hxg4 32. Qxg4 Kf8 33. h5 gxh5 34. Qxh5
Qd8 35. Qg4 Qe7 36. Ke2 f6 37. Qh5 fxe5 38. fxe5 Qf7 39. Qh2 Qe7 40. Bd4 Qg5 41.
Qh3 Nxe5 42. Qxe6 Qe7 43. Qxd5 Nc6+ 44. Be3 Ne5 45. Qa8+ Kf7 46. Qd5+ Kf8 47.
Be4 Ng4 48. Qf5+ Nf6 49. Bd3 Bh6 50. Qf3 Bxe3 51. Qxe3 Nd5 52. Qxe7+ Kxe7 53.
Kd2 Kd6 54. Be4 Nf6 55. Bg2 Ke5 56. Kc3 Ng4 57. Ba8 Nf6 58. Kc4 Ng4 59. a4 Ne3+
60. Kd3 Nf5 61. a5 Nd4 62. Kc4 Nf5 63. Bc6 Nd6+ 64. Kd3 Nf5 65. Be8 Nd6 66. Bd7
Ne4 67. Ke3 Nd6 68. Kd3 Ne4 69. Ke3 Nd6 1/2-1/2

[Event "World Blitz 2015"]
[Site "Berlin GER"]
[Date "2015.10.13"]
[Round "8.71"]
[White "Guliyev, Namig"]
[Black "Sumets, Andrey"]
[Result "1-0"]
[WhiteTitle "GM"]
[BlackTitle "GM"]
[WhiteElo "2579"]
[BlackElo "2583"]
[WhiteFideId "13400363"]
[BlackFideId "14105500"]
[EventDate "2015.10.13"]

1. e4 c6 2. Nc3 d5 3. Nf3 Bg4 4. h3 Bxf3 5. Qxf3 e6 6. d3 Nd7 7. Bd2 g6 8. g3
Bg7 9. Bg2 Ne7 10. O-O O-O 11. Qe2 Qb6 12. Rab1 Rae8 13. Kh2 Qc7 14. Nd1 f5 15.
c4 fxe4 16. dxe4 d4 17. b4 e5 18. Nb2 h5 19. h4 Kh7 20. Nd3 Ng8 21. a4 Bh6 22.
c5 Bxd2 23. Qxd2 Rf7 24. f3 Ref8 25. Qe2 Qd8 26. Qd2 Kg7 27. b5 Qe7 28. bxc6
bxc6 29. Rb7 a6 30. Bh3 Ngf6 31. Kg2 Qd8 32. Rfb1 Re7 33. Qb4 a5 34. Qd2 Rff7
35. Ra7 Nxc5 36. Nxc5 Rxa7 37. Ne6+ 1-0

[Event "World Blitz 2015"]
[Site "Berlin GER"]
[Date "2015.10.13"]
[Round "8.72"]
[White "Kovalev, Vladislav"]
[Black "Nikolic, Predrag"]
[Result "1/2-1/2"]
[WhiteTitle "GM"]
[BlackTitle "GM"]
[WhiteElo "2546"]
[BlackElo "2603"]
[WhiteFideId "13504398"]
[BlackFideId "14400014"]
[EventDate "2015.10.13"]

1. d4 Nf6 2. Nc3 d5 3. Bf4 c5 4. e3 Nc6 5. Nb5 e5 6. dxe5 a6 7. Nc3 Nd7 8. Qxd5
Nb4 9. Qd2 Be7 10. Nf3 O-O 11. a3 Nc6 12. Bc4 g5 13. e6 Nb6 14. exf7+ Kg7 15.
Qxd8 Rxd8 16. Bc7 Nxc4 17. Bxd8 Bxd8 18. O-O-O Bf6 19. h4 g4 20. Ng5 Bxc3 21.
bxc3 h6 22. Ne4 Kxf7 23. Nxc5 b6 24. Ne4 Be6 25. Nd6+ Ke7 26. Nxc4 Bxc4 27. Rd2
Rf8 28. Rhd1 Be6 29. Rd6 Ne5 30. Rxb6 Rxf2 31. Rxa6 Nc4 32. e4 Rxg2 33. a4 g3
34. a5 Bg4 35. Ra7+ Ke6 36. Ra6+ Ke5 37. Rd5+ Kf4 38. Kb1 Rg1+ 39. Ka2 g2 40.
Rf6+ Kg3 41. Rd3+ Kh2 42. Rf2 Rf1 43. Rxg2+ Kxg2 44. Rd4 Ne5 45. a6 Rf6 46. Ra4
Rf8 47. h5 Ra8 48. Kb2 Bxh5 49. c4 Be2 50. Kc3 h5 51. Kd4 Nc6+ 52. Kc5 h4 53.
Kxc6 Bf3 54. c5 h3 55. Kb7 Re8 56. c6 h2 57. Ra1 Bxe4 58. a7 Re7+ 59. Kb6 Re8
60. c4 Rf8 61. Kb7 Rf7+ 62. Kb6 Rf8 63. Kb7 h1=Q 64. Rxh1 Kxh1 65. a8=Q Bxc6+
66. Kxc6 Rxa8 67. c5 1/2-1/2